• 首页
  • 本馆介绍
  • 公告通知
  • 最新文献
  • 馆藏检索
  • 电子资源
  • 读者导购
  • 参考咨询
  • 我的图书馆
  • 登录
  • 详细信息显示
  • 放入我的书架
  • 预约/预借图书
  • 作者相关作品
  • 分类相关作品
  • 丛书相关作品
  • 出版社相关作品

书目信息

  • 表格格式
  • 工作单格式
  • 卡片格式
题名:
家庭育儿千答
    
 
作者: 葛明仁编写组编写
分册:  
出版信息:   中国友谊出版社  1993.10
页数: 558页
开本: 32开
丛书名:
单 册:
中图分类: R174
科图分类:
主题词: 妇幼卫生
电子资源:
ISBN: 7-5057-0694-4
000 00534nam0 2200181 45
001 9911301546
005 19991130154439.6
010    @a7-5057-0694-4@d15.00
100    @a19991130d1993 km y0chiy0120 ea
101    @achi
105    @a z 000yy
200 1  @a家庭育儿千答@AJia Ting Yu Er Qian Da@f葛明仁编写组编写@FGe Ming Ren Bian Xie Zu Bian Xie
210    @c中国友谊出版社@d1993.10
215    @a558页@c无图表@d32开
606 0  @a妇幼卫生
690    @aR174@v3
801    @aCN@bPerfectUser@c19991130
905    @aBZT@b62577-581@f5@dR174@e10
    
    家庭育儿千答/葛明仁编写组编写.-中国友谊出版社,1993.10
    558页:无图表;32开
    
    
    ISBN 7-5057-0694-4:15.00
    
●
相关链接 在五车中查询图书 在当当中查询图书 在豆瓣中查询图书


正题名:家庭育儿千答     索取号:R174/10         预约/预借

序号 登录号 条形码 馆藏地/架位号 状态 备注
1 62577   200183826   中心书库中库/ 中库002架A面3列7层14/ [索取号:R174/10] 在馆    
2 62578   200183791   中心书库中库/ 中库002架A面3列7层13/ [索取号:R174/10] 在馆    
3 62579   200183808   中心书库中库/ 中库002架A面3列7层15/ [索取号:R174/10] 在馆    
4 62580   200183844   中心书库中库/ 中库002架A面3列7层12/ [索取号:R174/10] 在馆    
5 62581   200183817   中心书库中库/ 中库002架A面3列7层11/ [索取号:R174/10] 在馆    
山东省滨州职业学院图书馆 欢迎您!
大连网信软件有限公司© 版权所有